000 00648nam a2200217Ia 4500
005 20260429112014.0
008 260429s9999||||xx |||||||||||||| ||und||
020 _a9781032592527
041 _aEnglish
082 _a370.15
_bTUR
100 _aTurner, Wendy
245 0 _aEmbracing adult sel :
_ban educator’s guide to personal social emotional learning success /
_cWendy Turner
250 _a1st ed.
260 _aNew Delhi :
_bRoutledge,
_c2024.
300 _axii, 191 p.; pbk
650 _a Educational psychology
650 _a Social emotional learning
650 _a Teacher education
650 _aAdult education
942 _cTB
999 _c51852
_d51852